| Tag |
First Indicator |
Second Indicator |
Subfields |
| LEADER |
00000cam a2200000 a 4500 |
| 001 |
in00001630113 |
| 005 |
20220105105039.0 |
| 006 |
m u |
| 007 |
cr cn||||||||| |
| 008 |
001008s1991 coua sb 000 0 eng d |
| 010 |
|
|
|z 90020272
|
| 020 |
|
|
|a 0585080399 (electronic bk.) :
|c $23.50
|
| 020 |
|
|
|z 0872878481
|
| 035 |
|
|
|a 18416
|b (N$T)
|
| 035 |
|
|
|a nL18416
|
| 040 |
|
|
|a N$T
|c N$T
|d UtOrBLW
|
| 043 |
|
|
|a n-us---
|
| 050 |
1 |
4 |
|a LB1584
|b .H434 1991eb
|
| 082 |
0 |
4 |
|a 372.89/1
|2 20
|
| 100 |
1 |
|
|a Heltshe, Mary Ann,
|d 1947-
|0 http://id.loc.gov/authorities/names/n90699661
|
| 245 |
1 |
0 |
|a Multicultural explorations :
|b joyous journeys with books /
|c Mary Ann Heltshe and Audrey Burie Kirchner.
|
| 264 |
|
1 |
|a Englewood, Colo. :
|b Teacher Ideas Press,
|c 1991.
|
| 300 |
|
|
|a xii, 276 pages :
|b illustrations ;
|c 28 cm.
|
| 336 |
|
|
|a text
|b txt
|2 rdacontent
|
| 337 |
|
|
|a computer
|b c
|2 rdamedia
|
| 338 |
|
|
|a online resource
|b cr
|2 rdacarrier
|
| 504 |
|
|
|a Include bibliographical references.
|
| 533 |
|
|
|a Electronic reproduction.
|b Boulder, Colo. :
|c NetLibrary,
|d 2000.
|n Available via World Wide Web.
|n Access may be limited to NetLibrary affiliated libraries.
|
| 500 |
|
|
|a Electronic resource.
|
| 650 |
|
0 |
|a Social sciences
|x Study and teaching (Elementary)
|z United States.
|0 http://id.loc.gov/authorities/subjects/sh2008111874
|
| 650 |
|
0 |
|a Geography
|x Study and teaching (Elementary)
|z United States.
|
| 650 |
|
0 |
|a Reading (Elementary)
|z United States
|x Language experience approach.
|0 http://id.loc.gov/authorities/subjects/sh2010109629
|
| 650 |
|
0 |
|a Multicultural education
|z United States.
|0 http://id.loc.gov/authorities/subjects/sh2008107206
|
| 655 |
|
7 |
|a Electronic books.
|2 local
|
| 700 |
1 |
|
|a Kirchner, Audrey Burie,
|d 1937-
|0 http://id.loc.gov/authorities/names/n79060331
|
| 710 |
2 |
|
|a NetLibrary, Inc.
|0 http://id.loc.gov/authorities/names/no99080690
|
| 776 |
0 |
|
|c Original
|w (DLC) 90020272
|
| 856 |
4 |
1 |
|u https://proxy.library.tamu.edu/login?url=http://www.netLibrary.com/urlapi.asp?action=summary&v=1&bookid=18416
|z Connect to the full text of this electronic book
|t 0
|
| 999 |
|
|
|a MARS
|
| 999 |
f |
f |
|s 7e991c39-00c9-3bed-a59f-95451890daf7
|i 86777b9f-9586-36fa-afab-6cc384e24f33
|t 0
|
| 952 |
f |
f |
|a Texas A&M University
|b College Station
|c Electronic Resources
|d Available Online
|t 0
|e LB1584 .H434 1991eb
|h Library of Congress classification
|
| 998 |
f |
f |
|a LB1584 .H434 1991eb
|t 0
|l Available Online
|